Sports Quiz

Random Sports or Color Quiz

NBA Players Rainbow Quiz Stats

 Plays Quiz Updated Feb 22, 2019

Score 0/18 Timer 02:30
9 Plays Today
Hint Answer % Correct
Michael Jordan
98.7%
Kevin Durant
97.2%
LeBron James
97.1%
Stephen Curry
95.7%
Kobe Bryant
94.7%
James Harden
94.6%
Dwyane Wade
94.1%
Chris Paul
93.7%
Carmelo Anthony
93.1%
Hint Answer % Correct
Larry Bird
92.9%
Magic Johnson
91.4%
Allen Iverson
91.3%
Charles Barkley
91.1%
Shaquille O'Neal
90.5%
Dirk Nowitzki
87.2%
Kevin Garnett
86.2%
Kareem Abdul-Jabbar
84.1%
John Stockton
83%

You're not logged in!

Compare scores with friends on all Sporcle quizzes.
OR
Log In

Sporcle TV

Today on Sporcle TV


Watch our educational content, quiz creation guides, and fun videos on Sporcle TV.

Show Comments

Extras

Top Quizzes Today


Score Distribution

Your Account Isn't Verified!

In order to create a playlist on Sporcle, you need to verify the email address you used during registration. Go to your Sporcle Settings to finish the process.

Report this User

Report this user for behavior that violates our Community Guidelines.

Details: